| 000 | 01882cam a2200469Ia 4500 | ||
|---|---|---|---|
| 001 | 10487307 | ||
| 003 | ARRUPE | ||
| 005 | 20131105171247.0 | ||
| 006 | m u | ||
| 007 | cr cn||||||||| | ||
| 008 | 111222s2012 inu sbkq 001 0 eng d | ||
| 010 | _z 2011052793 | ||
| 020 | _z0253003075 (cloth : alkaline paper) | ||
| 020 | _z0253005752 (paperback : alkaline paper) | ||
| 020 | _z9780253003072 (cloth : alkaline paper) | ||
| 020 | _z9780253005755 (paperback : alkaline paper) | ||
| 020 | _z9780253005823 | ||
| 035 | _a(CaPaEBR)ebr10604288 | ||
| 035 | _a(NNC)10487307 | ||
| 040 |
_aCaPaEBR _cCaPaEBR |
||
| 050 | 1 | 4 |
_aML3531 _b.H565 2012eb |
| 245 | 0 | 0 |
_aHip hop Africa _h[electronic resource] : _bnew African music in a globalizing world / _cedited by Eric Charry. |
| 260 |
_aBloomington ; _aIndianapolis : _bIndiana University Press, _c2012. |
||
| 300 | _ax, 390 p. | ||
| 490 | 1 | _aAfrican expressive cultures | |
| 504 | _aIncludes bibliographical references and index. | ||
| 504 | _aIncludes discography, videography, and webography. | ||
| 533 |
_aElectronic reproduction. _bPalo Alto, Calif. : _cebrary, _d2011. _nAvailable via World Wide Web. _nAccess may be limited to ebrary affiliated libraries. |
||
| 650 | 0 |
_aRap (Music) _zAfrica _xHistory and criticism. _93306 |
|
| 650 | 0 |
_aPopular music _zAfrica _xHistory and criticism. _93307 |
|
| 650 | 0 |
_aHip-hop _zAfrica. _93308 |
|
| 650 | 0 |
_aMusic and youth _zAfrica. _93309 |
|
| 650 | 0 |
_aMusic and globalization _zAfrica. _93310 |
|
| 650 | 0 |
_aPopular music _xSocial aspects _zAfrica. _93311 |
|
| 655 | 7 |
_aElectronic books. _2local _93312 |
|
| 700 | 1 |
_aCharry, Eric S. _93313 |
|
| 710 | 2 |
_aebrary, Inc. _93314 |
|
| 830 | 0 |
_aAfrican expressive cultures. _93315 |
|
| 856 | 4 | 0 |
_uhttp://www.columbia.edu/cgi-bin/cul/resolve?clio10487307 _zClick here for full text. |
| 942 |
_2lcc _cMONOGRAPH |
||
| 999 |
_c118526 _d118526 |
||